00825cam a2200229 a 450000100100000000500170001000800410002704000250006808200180009310000390011124500740015025000130022426000420023730000210027949000280030065000430032865000270037165000270039883000340042595201210045999900150058000000290420200929150259.0800605s1968 sp b 001 p spa  aDO-SdBNPbspacBNPHU a861.08bC227a1 aCano, José Luisd1992-19999922510aAntología de poetas andaluces contemporáneos /cJosé Luis Cano. a2da. ed. aMadrid :bCultura Hispánica,c1968. a443 p. ;c20 cm.1 aLa encina y el mar,v38 4aPoesía españolaxColecciones93395 4aPoetas andaluces99226 4aPoesía amorosa99227 3aLa encina y el mar,v3899228 001052708MOaGRbGRcCTd2009-07-04iLF1l0o861.08 C227ap2904-10r2020-06-25w2020-06-25y2ZPréstamo interno c2738d2738